| 000 | 00000nam 2200000za 4500 |
| 001 | 9.813321 |
| 003 | CaOODSP |
| 005 | 20221107141520 |
| 007 | cr ||||||||||| |
| 008 | 160504s2016 onca #o f000 0 fre d |
| 020 | |a978-0-660-04926-7 |
| 040 | |aCaOODSP|bfre |
| 043 | |an-cn--- |
| 086 | 1 |aFA1-2016/1-2F-PDF |
| 110 | 1 |aCanada. |bBureau du vérificateur général. |
| 245 | 13|aLa détection et la prévention de la fraude dans le programme de citoyenneté |h[ressource électronique]. |
| 260 | |a[Ottawa] : |bBureau du vérificateur général du Canada, |cc2016. |
| 300 | |aiii, 31 p. : |bill. |
| 490 | 1 |aRapports du vérificateur général du Canada, |x1701-5421 ; |vPrintemps 2016, rapport 2 |
| 500 | |aPublié aussi en anglais sous le titre: Detecting and preventing fraud in the citizenship program. |
| 520 | |a« L’audit visait à déterminer si Immigration, Réfugiés et Citoyenneté Canada avait détecté et prévenu la fraude dans les demandes de citoyenneté présentées par des adultes, de manière à avoir l’assurance que seuls les demandeurs qui remplissaient certaines conditions d’admissibilité avaient obtenu la citoyenneté canadienne. » -- Objet de l'audit. |
| 530 | |aÉgalement publié en version imprimée. |
| 692 | 07|2gccst|aCitoyenneté |
| 692 | 07|2gccst|aFraude |
| 692 | 07|2gccst|aVérification |
| 775 | 08|tDetecting and preventing fraud in the citizenship program |w(CaOODSP)9.813239 |
| 776 | 0#|tLa détection et la prévention de la fraude dans le programme de citoyenneté.|w(CaOODSP)9.813334 |
| 830 | #0|aRapports du vérificateur général du Canada,|x1701-5421 ; |vPrintemps 2016, rapport 2.|w(CaOODSP)9.811234 |
| 856 | 40|qPDF|s1,023 Ko|uhttps://publications.gc.ca/collections/collection_2016/bvg-oag/FA1-2016-1-2-fra.pdf |